Score 0/16 Timer 05:00
0 Plays Today
% Correct
Freestyle Motocross
88.6%
Formula Racing
79.1%
Kart Racing
78.3%
Drag Racing
78%
Truck Racing
75.4%
Monster Truck Racing
72.4%
Sports Car Racing
70.6%
Superbike Racing
68.1%
% Correct
Rallying
67%
Banger Racing
66%
Motocross
64%
Stock Car Racing
61.7%
Touring Car Racing
61%
Rally Raid
56.9%
Off-road Racing
53.4%
Gymkhana
49.9%
Remove Ads.
Support Sporcle.
Get the best of Sporcle when you Go Orange. This ad-free experience offers more features, more stats, and more fun while also helping to support Sporcle. Thank you for becoming a member.

You're not logged in!

Compare scores with friends on all Sporcle quizzes.
OR
Log In

Sporcle TV

Today on Sporcle TV


Watch our educational content, quiz creation guides, and fun videos on Sporcle TV.

Show Comments

Extras

Top Quizzes Today


Score Distribution

Paid Content

Your Account Isn't Verified!

In order to create a playlist on Sporcle, you need to verify the email address you used during registration. Go to your Sporcle Settings to finish the process.

Report this User

Report this user for behavior that violates our Community Guidelines.

Details: